00788nam a2200205Ia 4500003000900000008004100009040001600050080002200066111006900088245015100157260004200308300001300350490005000363650004100413650002600454650001400480650002200494700002600516710004000542IN-BaIIA211028s9999 xx 000 0 eng d cIIA Library a52(082.1)bASS-13 aTrieste colloquium on Astrophysicsn2ndcItalyd1968 Sept. 12-17 0aMass loss from starsbproceedings of the second Trieste Colloquium on Astrophysics held in Italy, 12-17 September, 1968cedited by Margherita Hack aDordrechtbD. Reidel Publishingc1969 ax, 345p. aAstrophysics and Space Science Library; v. 13 aAstronomy and astrophysics thesaurus aEruptive binary stars aMass loss aStellar evolution aHack, Margherita, ed. aAstronomical Observatory of Trieste